| 000 | 00526nam a22001817a 4500 | ||
|---|---|---|---|
| 003 | CEME | ||
| 005 | 20210628203829.0 | ||
| 008 | 210308b xxu||||| |||| 00| 0 eng d | ||
| 020 | _a969-0-010026 | ||
| 040 | _c. | ||
| 082 | _a355.95491 MOH'D | ||
| 100 |
_aQuraishy, Masud , Mohammad Amin _967467 |
||
| 245 | _aDefenders of pakistan | ||
| 260 |
_aNAIROBI _bCANERAPIX _c1988 |
||
| 300 | _a198P | ||
| 650 |
_aVIGIL IN THE SKY GUARDIANS OF THE SEAS COURAGE IS THIER WEAPON MEN OF WAR PAKISTAN TODAY _967468 |
||
| 942 |
_cBK _2ddc |
||
| 999 |
_c575246 _d575246 |
||